000 00764nam a2200241Ia 4500
003 OSt
005 20220925235649.0
006 a|||||r|||| 00| 0
007 ta
008 220923b |||||||| |||| 00| 0 eng d
037 _cGeneral Book
040 _aRTL
_cRTL
_beng
041 _2eng
_aeng
082 _aV2,8.N7, L1
100 _aSubramaniam V
_958089
245 0 _aSocial background of India's administrators
_b A socio-Economic Study of The Higher Civil Services of India
260 _a New Delhi
_bDir. of Pub.D./Ministry of INF.&Broadcasting India
_c1971
300 _aix,180p
_ccm.
500 _aAppendix: P134 -80
650 _aBureaucracy India
942 _hV2,8.N7, L1
_cGB
_2CC
999 _c597656
_d597656